| Поле | Название | Значение |
| |
Тип записи |
a |
| |
Библиографический уровень |
m |
| 001 |
Контрольный номер |
f52c53178b824c80a3d74fa3c0c88ed4 |
| 005 |
Дата корректировки |
20140528134550.7 |
| 010 |
Индекс ISBN |
__ |
| a |
ISBN |
978-5-394-00117-8 |
| 200 |
Заглавие и сведения об ответственности |
1_ |
| a |
Заглавие |
Внешнеэкономическая деятельность |
| e |
Сведения, относящиеся к заглавию |
учебник |
| f |
Первые сведения об ответственности |
Е. Ф. Прокушев |
| 205 |
Сведения об издании |
__ |
| a |
Основные сведения об издании |
6-е изд., испр. и доп. |
| 210 |
Выходные данные |
1_ |
| c |
Издательство |
Дашков и К |
| a |
Место издания |
М. |
| d |
Дата издания |
2009 |
| 215 |
Физическое описание |
__ |
| a |
Объем |
498,[2] с. |
| 610 |
Ключевые слова |
0_ |
| a |
Ключевые слова |
внешнеэкономическая деятельность |
| 610 |
Ключевые слова |
0_ |
| a |
Ключевые слова |
Россия |
| 610 |
Ключевые слова |
0_ |
| a |
Ключевые слова |
таможенное дело |
| 610 |
Ключевые слова |
0_ |
| a |
Ключевые слова |
Инкотермс |
| 610 |
Ключевые слова |
0_ |
| a |
Ключевые слова |
транспортное обеспечение |
| 610 |
Ключевые слова |
0_ |
| a |
Ключевые слова |
маркетинг во внешнеэкономической деятельности |
| 610 |
Ключевые слова |
0_ |
| a |
Ключевые слова |
перевозки |
| 610 |
Ключевые слова |
0_ |
| a |
Ключевые слова |
иностранные инвестиции |
| 610 |
Ключевые слова |
0_ |
| a |
Ключевые слова |
внешнеторговые сделки |
| 610 |
Ключевые слова |
0_ |
| a |
Ключевые слова |
внешнеторговые операции |
| 610 |
Ключевые слова |
0_ |
| a |
Ключевые слова |
факторинг |
| 610 |
Ключевые слова |
0_ |
| a |
Ключевые слова |
производственная кооперация |
| 610 |
Ключевые слова |
0_ |
| a |
Ключевые слова |
бартерные сделки |
| 610 |
Ключевые слова |
0_ |
| a |
Ключевые слова |
международная торговля |
| 610 |
Ключевые слова |
0_ |
| a |
Ключевые слова |
финансовый лизинг |
| 610 |
Ключевые слова |
0_ |
| a |
Ключевые слова |
торгово-посреднические операции |
| 610 |
Ключевые слова |
0_ |
| a |
Ключевые слова |
биржевая торговля |
| 610 |
Ключевые слова |
0_ |
| a |
Ключевые слова |
международные расчеты |
| 610 |
Ключевые слова |
0_ |
| a |
Ключевые слова |
валютный рынок |
| 610 |
Ключевые слова |
0_ |
| a |
Ключевые слова |
учебник |
| 686 |
Индексы других классификаций |
__ |
| a |
Классификационный индекс |
65.9(2)8я73 |
| 2 |
Код системы |
rubbk |
| 700 |
Автор |
_1 |
| a |
Фамилия |
Прокушев |
| b |
Имя |
Е. Ф. |
| g |
Полное личное имя |
Евгений Федорович |
| 801 |
Источник записи |
_0 |
| a |
Страна |
RU |
| b |
Организация |
РУК |
| c |
Дата составления |
20091217 |
| g |
Правила каталогизации |
PSBO |
| 801 |
Источник записи |
_1 |
| a |
Страна |
RU |
| b |
Организация |
РУК |
| c |
Дата составления |
20091217 |
| g |
Правила каталогизации |
PSBO |
| 852 |
Данные о местонахождении |
__ |
| i |
Авторский знак |
П80 |
| j |
Шифр хранения |
ББК 65.9(2)8 |
| 901 |
Тип документа |
__ |
| t |
Тип документа |
m |
| 938 |
Служебная информация |
__ |
| a |
Название организации |
Головной вуз |
| b |
Имя БД |
BOOK |
| c |
Название АИБС |
АИБС ИРБИС |